000
00281nam a2200133Ia 4500
100
_a
Laque/F.L
942
_c
BK
654
_a
Corrosion
245
_a
Corrosion In Action
260
_b
International Nickel
_a
NEWYORK
_c
1955
082
_a
620.1
300
_a
47
546
_a
ENGLISH
999
_c
26516
_d
26516